000 00694nam a2200253Ia 4500
003 OSt
005 20221005093846.0
006 a|||||r|||| 00| 0
007 ta
008 221004b |||||||| |||| 00| 0 eng d
024 _a36694
037 _cTextual
040 _aCRL
_cCRL
_beng
041 _2eng
_aeng
082 _aNR, M5
100 _aBarthes Roland
245 0 _aResponsibility of forms
_b Critical essays on music, art and representation Tr by Richard Howard
260 _aOxford
_bBasil Blackwell UK
_c1985
300 _a312p
_ccm.
650 _a ARTS
650 _aMUSIC
_917402
942 _hNR, M5
_cTEXL
_2cc
999 _c1001020
_d1001020